000
00225nam a2200085Ia 4500
008
180219s9999 xx 000 0 und d
100
_a
Dash Biranchi
245
0
_a
Essentials Of Exceptionality And Special Education
260
_a
"Delhi
260
_c
Atlantic"
999
_c
43001
_d
43001